000 00556nam a22002057a 4500
003 OSt
005 20210414095354.0
008 210311s1966 ||||| |||| 00| 0 eng d
040 _aeng
_beng
_cDLC
041 _aeng
080 _a821.111
_bH-19
100 _91365
_aHall Adam
245 _aThe Quiller Memorandum
_c/ by: Pyramid Books
260 _aNew York
_bPyramid Books
_c1966
300 _a189 p.
365 _b0.75 usd
650 0 _9247
_aEnglish literature
653 _aინგლისური ლიტერატურა
942 _2udc
_cBK
999 _c2132
_d2132